000 00727nam a22001937a 4500
999 _c20207
_d20207
008 240503b ||||| |||| 00| 0 eng d
082 _aDFil 613.7
_bC278 [2023]
100 _aCastillo, Pedrito M.
_956871
245 _aPhysical activities toward fitness and health /
_cPedrito M. Castillo and three others.
260 _aDavao City :
_bThe University of Mindanao,
_c©[2023].
300 _a78 pages :
_billustrations ;
_c27 cm.
500 _aIncludes references.
650 _aPhysical fitness.
_957157
650 _aPhysical activity.
_951436
700 _aPotenciando, Marmee Rochelle M.
_eauthor.
_956872
700 _aGalaura, Lenziel L.
_eauthor.
_956873
700 _aSingson, Ivy V.
_eauthor.
_956874
942 _2ddc
_cDFIL